000 00743nam a2200241 a 4500
001 341
003 BR-CuiBMT
005 20231101003536.0
008 230824s2019 mgba 000 0 por d
020 _a9788545006367
040 _aBR-CuiBMT
_cBR-CuiBMT
080 _a351.712.2-048.47
_22007
090 _a351.712.2-048.47
_bS377c
100 1 _aSchramm, Fernanda Santos
245 _aCompliance nas contratações públicas /
_cFernanda Santos Schramm ; prefácio Gustavo Henrique Justino de Oliveira.
260 _aBelo Horizonte :
_bFórum,
_c2019.
300 _a363 p. :
_bil. ;
_c22 cm
504 _aInclui bibliografia.
650 _aDireito administrativo
650 _aLicitação pública
650 _aCompliance
942 _2udc
_cLV
999 _c341
_d341